Minecraft nether mobs - Statistics

General Stats
  • This quiz has been taken 15 times
  • The average score is 7 of 14
Answer Stats
Hint Answer % Correct
B Blaze
92%
G Ghast
85%
H Hoglin
85%
W Wither Skeleton
85%
M Magma Cube
77%
P Piglin
77%
S Skeleton
69%
P Piglin Brute
62%
Z Zombified Piglin
62%
S Strider
46%
C Chicken
0%
C Chicken Jockey
0%
E Endermann
0%
H Hoglin Jockey
0%
No matching quizzes found
Score Distribution
Percent of People with Each Score
Percentile by Number Answered
Your Score History
You have not taken this quiz